| 000 -LEADER |
| fixed length control field |
00559nam a2200217Ia 4500 |
| 001 - CONTROL NUMBER |
| control field |
16152 |
| 003 - CONTROL NUMBER IDENTIFIER |
| control field |
GE_BSU |
| 008 - FIXED-LENGTH DATA ELEMENTS--GENERAL INFORMATION |
| fixed length control field |
181216s||||||||xx |||||||||||||| ||und|| |
| 040 ## - CATALOGING SOURCE |
| Transcribing agency |
GE_BSU |
| 080 ## - UNIVERSAL DECIMAL CLASSIFICATION NUMBER |
| Universal Decimal Classification number |
621.31 |
| 100 ## - MAIN ENTRY--PERSONAL NAME |
| Personal name |
Burton,Tony. Jenkins,Nick. Sharpe,David. Bossanyi, Ervin |
| 245 ## - TITLE STATEMENT |
| Title |
Wind Energy Handbook |
| 250 ## - EDITION STATEMENT |
| Edition statement |
Second edition |
| 260 ## - PUBLICATION, DISTRIBUTION, ETC. |
| Date of publication, distribution, etc. |
2011 |
| 300 ## - PHYSICAL DESCRIPTION |
| Extent |
742p.25cm. |
| 653 ## - INDEX TERM--UNCONTROLLED |
| Uncontrolled term |
Wind Energy Handbook |
| 653 ## - INDEX TERM--UNCONTROLLED |
| Uncontrolled term |
საინჟინრო საქმე |
| 653 ## - INDEX TERM--UNCONTROLLED |
| Uncontrolled term |
ტექნიკა |
| 942 ## - ADDED ENTRY ELEMENTS (KOHA) |
| Koha item type |
წიგნი |